1601 1460 1338 1996 1646 1282 1517 1098 1561 1255 1686 1509 1086 1812 1314 1291 1897 1190 1265 1938 1286 1876 1868 1170 1186 1581 1294 1027 1076 1798 1998 1306 1840 1127 1682 1015 1285 1771 1865 1582 1366 1924 1252 1039 1790 1719 1926 1681 1522 1870 1874 1172 1777 1312 1885 1692 1056 1911 1566 1637 1787 1141 1381 1477 1630 1107 1232 1663 1222 1650 1870 1357 1958 1234 1218 1878 1228 1717 1842 1512 1540 1976 1899 1781 1615 1228 1774 1410 1854 1253 1516 1076 1151 1353 1988 1465 1485 1300 1079 BCNSPRNW ULIB Ver.6.0+V

เปลี่ยนเป็นภาษาไทย

Change to English
 แสดงรายละเอียดบรรณานุกรม
  กลับหน้าหลัก

Brief Record : Get Marc (ISO 2709) : E-mail record : QR code < ปิดหน้าต่าง
LEADER : 00000nam 2200000uu 4500
001    13399126911
003     ULIB
008    190902s2562||||th 000 0 tha d
020    ^a9786164073944
060  4 ^aWK140^bป135ร ล.2
100 0  ^aปฏิณัฐ บูรณะทรัพย์ขจร
245 00 ^aโรคต่อมไร้ท่อและเมตะบอลิสม เล่ม 2 /^bบรรณาธิการ, ปฏิณัฐ บูรณะทรัพย์ขจร [และคนอื่นๆ..]
250    ^aพิมพ์ครั้งที่ 3
260    ^aกรุงเทพฯ :^bเท็กซ์ แอนด์ เจอร์นัล พับลิเคชั่น,^c2562.
300    ^a804 หน้า :^bภาพประกอบ;^c27 ซม.
650  7 ^aต่อมไร้ท่อ^xโรค
700 0  ^aลลิตา วัฒนะจรรยา,^eบรรณาธิการ
700 0  ^aพัชญา บุญชยาอนันต์,^eบรรณาธิการ
700 0  ^aวีรพันธุ์ โขวิฑูรกิจ,^eบรรณาธิการ
710 2  ^aจุฬาลงกรณ์มหาวิทยาลัย.^bภาควิชาอายุรศาสตร์
710 2  ^aจุฬาลงกรณ์มหาวิทยาลัย.^bคณะแพทยศาสตร์
945    ^p900^l0^i005792
945    ^p900^l0^i005791
945    ^p900^l0^i005793
999    ^aอังศุธร กาญจนาโรจน์พันธ์
รายการนี้ยังไม่มีแท็ก
คุณยังไม่ได้ล็อกอิน คุณสามารถมีกิจกรรมร่วมกับเว็บไซต์ได้ แต่ต้องล็อกอินก่อน ::
  ล็อกอิน

รายการสื่อสารสนเทศ

ลำดับที่ ประเภท เลขเรียก/บาร์โค้ด สถานที่ สถานะ
1. วิทยาศาสตร์การแพทย์ และสุขภาพ
หนังสือสำรอง
สถานะ=หนังสือสำรอง
WK140 ป135ร ล.2 ฉ.1 
  Barcode: 005791
ห้องสมุดวิทยาเขตสวรรค์ประชารักษ์
►หนังสือทั่วไป
บนชั้น
2. วิทยาศาสตร์การแพทย์ และสุขภาพ
วิทยาศาสตร์การแพทย์ และสุขภาพ
WK140 ป135ร ล.2 ฉ.2 
  Barcode: 005792
ห้องสมุดวิทยาเขตสวรรค์ประชารักษ์
►หนังสือทั่วไป
บนชั้น
3. วิทยาศาสตร์การแพทย์ และสุขภาพ
วิทยาศาสตร์การแพทย์ และสุขภาพ
WK140 ป135ร ล.2 ฉ.3 
  Barcode: 005793
ห้องสมุดวิทยาเขตสวรรค์ประชารักษ์
►หนังสือทั่วไป
บนชั้น

รายการใกล้เคียง
    ผู้แต่ง [ปฏิณัฐ บูรณะทรัพย์ขจร]

BibComment


ยังไม่เคยถูกคอมเมนท์

คอมเมนท์ทรัพยากรรายการนี้
  คอมเมนท์: โรคต่อมไร้ท่อและ..


 Copyright 2026. Bcnsprnw @Library